000 00536nam a2200157Ia 4500
001 IA_3663,07/08/2007,25/01/2012,0000002006 mx 0000000000spa00,"
002 México. El autor
008 220117s xx 000 0 und d
010 _a182967
090 _aTesis 785
100 _aHernández Hernández
_9155040
300 _a119 h.
502 _aTesis (Ing. Agrónomo Especialista en Ingeniería Agroindustrial) UACh
650 _aJitomate
_9145737
999 _c182967
_d182967